| 000 | 00867nam a2200301 a 4500 | ||
|---|---|---|---|
| 003 | AR-BaBNM | ||
| 005 | 20251128204748.0 | ||
| 008 | 082120s2002 ||||||||||||||000 | spa|| | ||
| 020 | _a84-88155-27-1 | ||
| 040 | _cAR-BaBNM | ||
| 100 | 1 | _aGardner, Martin | |
| 245 | 0 | 0 | _aMatemática para divertirse |
| 260 |
_aMadrid _bEdiciones Zugarto _c1994 |
||
| 300 |
_a159 p. _bil. |
||
| 490 | 0 |
_aDe mente _vv. 14 |
|
| 500 | _aContiene índice general de los acertijos | ||
| 650 | 4 | _aJUEGOS EDUCATIVOS | |
| 650 | 4 | _aENSEÑANZA DE LAS MATEMATICAS | |
| 650 | 4 | _aACTIVIDADES DE APRENDIZAJE | |
| 650 | 4 | _aACTIVIDADES RECREATIVAS | |
| 650 | 4 | _aACTIVIDADES EN GRUPO | |
| 650 | 4 | _aTEORIA DE LAS PROBABILIDADES | |
| 700 | 1 |
_aRavielli, Anthony _eilustrador |
|
| 700 | 1 |
_aRosenberg, Mirta _etraductor |
|
| 700 | 1 |
_aUribe, Diego _eeditor |
|
| 942 | _cBK | ||
| 998 | _cHector | ||
| 999 |
_c8718 _d8718 |
||